000 00746nam a22002177a 4500
003 OSt
005 20260608155626.0
008 260608b |||||||| |||| 00| 0 eng d
020 _a9781412948999
040 _cChuka University Library
050 _aLB 2831.92
_b.G3 2008
100 _aGray Susan Penny, William A. Streshly
_927695
245 _aFrom Good Schools to Great Schools: What Their Principals Do Well
260 _aNew Delhi
_bCorwin Press
_c2008
300 _axxvi, 157P
_bIllustrations
650 _aSchool Principals- United States
_927696
650 _aEducational Leadership- United States
_927697
650 _aSchool Management and Administration- United States
_927698
700 _aMarge Hobbs
_927699
942 _2lcc
_cBK
_n0
999 _c23552
_d23552